00603 2200205 4500001002100000005001700021008004100038035002500079082001300104090002300117100002100140245006900161250001800230260002700248300003300275500002600308650003200334850001200366999001900378YOGYA-0311000000072420150217095809.0 ind  a0010-031100000000724 a001.6424 aDEP 001.6424 Ham P aHANAFI, Hamduh M aPemrograman terstruktur dengan bahasa pascalc/ Mamduh M. Hanafi aEd. 1, cet. 1 aYogyakartabBPFEc1995 axvi, 508 hlm.bilus.c24 cm. aBibliografi : hlm 487 aPascal (Bahasa Pemrograman) aYOPDYOG aCb-D.11-95-143